| 000 | 00795nam a22002417a 4500 | ||
|---|---|---|---|
| 001 | 9856 | ||
| 003 | FISKH | ||
| 005 | 20260309140146.0 | ||
| 008 | 260309b cb ||||| |||| 00| 0 eng d | ||
| 040 |
_aFISKH _beng _cFISKH _dFISKH |
||
| 082 | _a590 | ||
| 100 | _aSim , Jin | ||
| 245 |
_aកំប្រុកកំព្រា / _cជិន សុីម |
||
| 260 | _aភ្នំពេញ : | ||
| 300 |
_a16 pages : _bcolor illustrations ; _c20 cm . |
||
| 490 | _aនិទានអប់រំគំនិត | ||
| 505 | _aJ | ||
| 520 | _aរឿង កំប្រុកកំព្រា និង រឿង អាលីសក្នុងសុបិន្ត | ||
| 521 | 8 |
_a500
_bLexile estimate |
|
| 521 | 8 |
_aJ
_bRaz-Plus |
|
| 942 |
_2ddc _cBK _n0 |
||
| 999 |
_c9856 _d9856 |
||